书目信息 |
| 题名: |
仙人掌和多肉植物
|
|
| 作者: | 刘师汉 , 汤丰祥 , 梅慧敏 编著 | |
| 分册: | ||
| 出版信息: | 上海 上海科学技术出版社 1985 |
|
| 页数: | 120页 | |
| 开本: | 19cm | |
| 丛书名: | ||
| 单 册: | ||
| 中图分类: | S682.33 , S6 | |
| 科图分类: | ||
| 主题词: | 仙人掌科--栽培 , 多浆植物--栽培 , 园艺 | |
| 电子资源: | ||
| ISBN: | ||
| 000 | 00749nam0 2200277 450 | |
| 001 | 1574506805 | |
| 005 | 20150129204231.25 | |
| 010 | @dCNY0.92 | |
| 091 | @a16119.824 | |
| 100 | @a19900904d1985 em y0chiy0110 ea | |
| 101 | 0 | @achi |
| 102 | @aCN@b310000 | |
| 105 | @af z 000yy | |
| 200 | 1 | @a仙人掌和多肉植物@9xian ren zhang he duo rou zhi wu@f刘师汉等编著 |
| 210 | @a上海@c上海科学技术出版社@d1985 | |
| 215 | @a120页@c照片@d19cm | |
| 606 | 0 | @a仙人掌科@x栽培 |
| 606 | 0 | @a多浆植物@x栽培 |
| 606 | 0 | @a园艺 |
| 690 | @aS682.33@v5 | |
| 690 | @aS6@v4 | |
| 701 | 0 | @a刘师汉@9liu shi han@4编著 |
| 701 | 0 | @a汤丰祥@9tang feng xiang@4编著 |
| 701 | 0 | @a梅慧敏@9mei hui min@4编著 |
| 801 | 0 | @aCN@bTSSF@c20150129 |
| 905 | @aZUCC@dS6@eJY22 | |
| 仙人掌和多肉植物/刘师汉等编著.-上海:上海科学技术出版社,1985 |
| 120页:照片;19cm |
| ISBN :CNY0.92 |
| ● |
| 相关链接 |
|
|
|
|
正题名:仙人掌和多肉植物
索取号:S6/JY22
 
预约/预借
| 序号 | 登录号 | 条形码 | 馆藏地/架位号 | 状态 | 备注 |
| 1 | 7862883 | 278628834 | 学院路分馆/ [索取号:S6/JY22] | 在馆 | |
| 2 | 7862884 | 278628843 | 学院路分馆/ [索取号:S6/JY22] | 在馆 | |
| 3 | 7862885 | 278628852 | 学院路分馆/ [索取号:S6/JY22] | 在馆 | |
| 4 | 7862886 | 278628861 | 学院路分馆/ [索取号:S6/JY22] | 在馆 |